[Event "Winnipeg TNT October op"]
[Site "Winnipeg"]
[Date "2006.10.17"]
[Round "3"]
[White "Green, Aaron"]
[Black "Nguyen, Huy"]
[Result "1/2-1/2"]
[WhiteElo "1343"]
[BlackElo "1713"]
[PlyCount "101"]
[EventDate "2006.10.03"]
[EventType "swiss"]
[EventRounds "4"]
[EventCountry "CAN"]
[SourceTitle "EXT 2019"]
[Source "ChessBase"]
[SourceDate "2018.10.10"]
[SourceVersion "1"]
[SourceVersionDate "2018.10.10"]
[SourceQuality "1"]

1. e4 c6 2. d4 d5 3. exd5 Qxd5 4. c4 Qd8 5. Nf3 Bg4 6. Be2 Nf6 7. Nc3 e6 8. a3 Bd6 9. h3 Bh5 10. 0-0 0-0 11. Bg5 Nbd7 12. Qc2 h6 13. Bh4 Re8 14. Ne4 Bc7 15. Rad1 g5 16. Bg3 Nxe4 17. Qxe4 Bg6 18. Qe3 f6 19. Bxc7 Qxc7 20. Bd3 Nf8 21. Nd2 Rad8 22. Bxg6 Nxg6 23. Ne4 Kg7 24. Nc5 Rd6 25. b4 b6 26. Ne4 Rd7 27. Rfe1 Rde7 28. Ng3 Nf4 29. Kh1 h5 30. Kg1 h4 31. Ne2 Ng6 32. Nc3 Nf4 33. Ne2 Ng6 34. Nc3 a6 35. g3 Rd8 36. Re2 e5 37. d5 c5 38. b5 a5 39. Red2 Qd7 40. g4 Nf4 41. Ne2 f5 42. Nxf4 exf4 43. Qc3+ Kg6 44. gxf5+ Qxf5 45. Qd3 Rd6 46. Qxf5+ Kxf5 47. f3 Re3 48. Rd3 a4 49. Kf2 Re7 50. R3d2 Re3 51. Rd3 1/2-1/2

[Event "Winnipeg TNT September op"]
[Site "Winnipeg"]
[Date "2006.09.05"]
[Round "1"]
[White "Nguyen, Huy"]
[Black "Mundwiler, Les"]
[Result "0-1"]
[WhiteElo "1759"]
[BlackElo "2028"]
[PlyCount "101"]
[EventDate "2006.09.26"]
[EventType "swiss"]
[EventRounds "4"]
[EventCountry "CAN"]
[SourceTitle "EXT 2019"]
[Source "ChessBase"]
[SourceDate "2018.10.10"]
[SourceVersion "1"]
[SourceVersionDate "2018.10.10"]
[SourceQuality "1"]

1. Nf3 d5 2. e3 Nf6 3. g3 Bg4 4. Bg2 c6 5. d4 e6 6. 0-0 Nbd7 7. c3 b5 8. Nbd2 a5 9. Re1 Ne4 10. h3 Bh5 11. Qc2 Nxd2 12. Nxd2 f5 13. b3 a4 14. Bb2 Be7 15. c4 a3 16. Bc1 b4 17. e4 fxe4 18. Nxe4 0-0 19. cxd5 cxd5 20. Nc5 Nxc5 21. dxc5 Bf6 22. Bf4 Bxa1 23. Rxa1 Qf6 24. Rc1 Qb2 25. c6 Bg6 26. Qc5 Rac8 27. c7 Qxa2 28. Be5 Qd2 29. Rf1 a2 30. Ba1 Bd3 31. Qe7 Qh6 32. Re1 Rfe8 33. Qd7 Be4 34. Bxe4 dxe4 35. Be5 Qg5 36. Qd4 Qf5 37. g4 Qf3 38. Re3 Qf7 39. Qb2 Rxc7 40. Bxc7 Qxc7 41. Qxa2 Qc1+ 42. Kg2 Qc6 43. Qe2 Rd8 44. Rxe4 Rd4 45. f3 Rd6 46. Qc4 Qd7 47. Qxb4 Rd2+ 48. Kg3 Qc7+ 49. f4 Rd3+ 50. Kh4 g5+ 51. Kxg5 0-1

[Event "Winnipeg Yanofsky Memorial"]
[Site "Winnipeg"]
[Date "2006.09.03"]
[Round "4"]
[White "Nguyen, Huy"]
[Black "Wasserman, Leor"]
[Result "1-0"]
[WhiteElo "1759"]
[BlackElo "1348"]
[PlyCount "61"]
[EventDate "2006.09.01"]
[EventType "swiss"]
[EventRounds "5"]
[EventCountry "CAN"]
[SourceTitle "EXT 2007"]
[Source "ChessBase"]
[SourceDate "2006.11.23"]
[SourceVersion "1"]
[SourceVersionDate "2006.11.23"]
[SourceQuality "1"]

1. d4 d5 2. g3 Nf6 3. Nf3 e6 4. Bg2 c5 5. e3 c4 6. c3 Be7 7. Nbd2 Nc6 8. 0-0 0-0 9. b3 b5 10. a4 Ba6 11. axb5 Bxb5 12. bxc4 dxc4 13. e4 Rc8 14. Re1 a6 15. Bf1 Nb8 16. Ne5 Nfd7 17. Nexc4 Bxc4 18. Nxc4 Nb6 19. Nxb6 Qxb6 20. Qd3 Rfd8 21. Ba3 Rd7 22. Bxe7 Rxe7 23. Reb1 Qa7 24. c4 Rd7 25. d5 Nc6 26. Qc3 exd5 27. cxd5 Ne7 28. Qd2 Ng6 29. Bh3 Ne5 30. Kg2 Nc4 31. Qc2 1-0

[Event "Winnipeg TNT Aug op"]
[Site "Winnipeg"]
[Date "2006.08.15"]
[Round "3"]
[White "Zhou, Lu"]
[Black "Nguyen, Huy"]
[Result "1-0"]
[WhiteElo "1786"]
[BlackElo "1680"]
[PlyCount "37"]
[EventDate "2006.08.01"]
[EventType "swiss"]
[EventRounds "4"]
[EventCountry "CAN"]
[SourceTitle "EXT 2007"]
[Source "ChessBase"]
[SourceDate "2006.11.23"]
[SourceVersion "1"]
[SourceVersionDate "2006.11.23"]
[SourceQuality "1"]

1. e4 Nf6 2. e5 Nd5 3. d4 e6 4. c4 Nb6 5. Nc3 d5 6. c5 N6d7 7. Bd3 b6 8. cxb6 axb6 9. Be3 Ba6 10. f4 g6 11. Nf3 Bg7 12. b4 Bxd3 13. Qxd3 Ra3 14. Qd2 0-0 15. 0-0 Nc6 16. Nb5 Nxb4 17. Nxa3 c5 18. dxc5 bxc5 19. Bxc5 1-0

[Event "Winnipeg TNT July op"]
[Site "Winnipeg"]
[Date "2006.07.18"]
[Round "3"]
[White "Nguyen, Huy"]
[Black "Greenberg, Harley"]
[Result "1-0"]
[WhiteElo "1638"]
[BlackElo "1771"]
[PlyCount "53"]
[EventDate "2006.07.04"]
[EventType "swiss"]
[EventRounds "4"]
[EventCountry "CAN"]
[SourceTitle "EXT 2007"]
[Source "ChessBase"]
[SourceDate "2006.11.23"]
[SourceVersion "1"]
[SourceVersionDate "2006.11.23"]
[SourceQuality "1"]

1. Nf3 Nf6 2. g3 d6 3. d4 g6 4. Bg2 Bg7 5. 0-0 0-0 6. c4 Nbd7 7. Nc3 e5 8. e3 c6 9. a4 Qc7 10. b4 Nb6 11. c5 Nc4 12. Nd2 exd4 13. exd4 Nxd2 14. Bxd2 Nh5 15. d5 dxc5 16. bxc5 cxd5 17. Nxd5 Qxc5 18. Bb4 Qd4 19. Qxd4 Bxd4 20. Rad1 Bg7 21. Bxf8 Bxf8 22. Nc7 Rb8 23. Rd8 Kg7 24. Re1 Nf6 25. Ne8+ Nxe8 26. Rexe8 Bd7 27. Rxb8 1-0

[Event "Winnipeg TNT July op"]
[Site "Winnipeg"]
[Date "2006.07.04"]
[Round "1"]
[White "Khedkar, Jay S"]
[Black "Nguyen, Huy"]
[Result "0-1"]
[WhiteElo "1886"]
[BlackElo "1638"]
[PlyCount "87"]
[EventDate "2006.07.04"]
[EventType "swiss"]
[EventRounds "4"]
[EventCountry "CAN"]
[SourceTitle "EXT 2007"]
[Source "ChessBase"]
[SourceDate "2006.11.23"]
[SourceVersion "1"]
[SourceVersionDate "2006.11.23"]
[SourceQuality "1"]

1. e4 Nf6 2. e5 Nd5 3. d4 e6 4. c4 Nb6 5. Nc3 d5 6. c5 N6d7 7. Bd3 b6 8. b4 a5 9. cxb6 Bxb4 10. Bd2 Nxb6 11. Qg4 0-0 12. Nge2 f5 13. exf6 Qxf6 14. 0-0 e5 15. dxe5 Bxg4 16. exf6 Bxe2 17. Bxe2 Re8 18. Bf3 d4 19. Nd5 Bxd2 20. Nxb6 Ra7 21. Nd5 c5 22. Rab1 Nd7 23. Ne7+ Kf7 24. Nc6 Rc7 25. fxg7 Kxg7 26. Rb5 Ne5 27. Bh5 Re6 28. Nxa5 Bxa5 29. Rxa5 d3 30. f4 Nc4 31. Ra8 Ne3 32. f5 Rf6 33. Rf3 Re7 34. Rd8 c4 35. g4 h6 36. Be8 Rb6 37. Bb5 Kf6 38. a4 Nxg4 39. Rg3 Ne5 40. Rf8+ Rf7 41. Rxf7+ Kxf7 42. Kf2 Rd6 43. Ke1 c3 44. Rh3 0-1

[Event "Winnipeg TNT March op"]
[Site "Winnipeg"]
[Date "2006.03.07"]
[Round "1"]
[White "Gibbons, Lorne"]
[Black "Nguyen, Huy"]
[Result "0-1"]
[WhiteElo "1336"]
[BlackElo "1647"]
[PlyCount "44"]
[EventDate "2006.03.07"]
[EventType "swiss"]
[EventRounds "4"]
[EventCountry "CAN"]
[SourceTitle "EXT 2007"]
[Source "ChessBase"]
[SourceDate "2006.11.23"]
[SourceVersion "1"]
[SourceVersionDate "2006.11.23"]
[SourceQuality "1"]

1. d4 d5 2. c4 c6 3. Nc3 e6 4. Bf4 Nf6 5. Nf3 Be7 6. e3 0-0 7. Bd3 a6 8. h3 Nbd7 9. 0-0 dxc4 10. Bxc4 b5 11. Bd3 Bb7 12. g4 c5 13. dxc5 Nxc5 14. Ne1 Nxd3 15. Qxd3 Qa5 16. Nc2 Rfd8 17. Nd4 b4 18. Nce2 e5 19. Bxe5 Qxe5 20. f4 Qa5 21. g5 Qd5 22. gxf6 Qg2# 0-1